Fighting shadows: (Record no. 591213)
[ view plain ]
| 000 -LEADER | |
|---|---|
| fixed length control field | 00576nam a22001337a 4500 |
| 003 - CONTROL NUMBER IDENTIFIER | |
| control field | NUST |
| 082 ## - DEWEY DECIMAL CLASSIFICATION NUMBER | |
| Classification number | 354, SAL |
| 100 ## - MAIN ENTRY--PERSONAL NAME | |
| Personal name | Salik, Muhammad Samrez |
| 9 (RLIN) | 28645 |
| 245 ## - TITLE STATEMENT | |
| Title | Fighting shadows: |
| Remainder of title | post-war on terror: Pakistan / |
| Statement of responsibility, etc. | Muhammad Samrez Salik; |
| 260 ## - PUBLICATION, DISTRIBUTION, ETC. | |
| Place of publication, distribution, etc. | Islamabad Pakistan |
| Name of publisher, distributor, etc. | National Defence University |
| Date of publication, distribution, etc. | 2019 |
| 300 ## - PHYSICAL DESCRIPTION | |
| Extent | x, 226: pages |
| 505 ## - FORMATTED CONTENTS NOTE | |
| Formatted contents note | A Future Foretold (Page-6), 9/11 Redefines the World (Page-34), Pakistan Meets the Challenges (Page-52), Winning the Hearts and Minds Campaign (Page-152), Resilient Pakistan (Page-187). |
| 942 ## - ADDED ENTRY ELEMENTS (KOHA) | |
| Source of classification or shelving scheme | |
| Koha item type | Book |
| Call number prefix | 354,SAL |
| Withdrawn status | Lost status | Source of classification or shelving scheme | Damaged status | Not for loan | Permanent Location | Current Location | Shelving location | Date acquired | Full call number | Barcode | Date last seen | Price effective from | Koha item type | Public note | Total Checkouts |
|---|---|---|---|---|---|---|---|---|---|---|---|---|---|---|---|
| Military College of Signals (MCS) | Military College of Signals (MCS) | General Stacks | 354,SAL | MCS38497 | 08/18/2022 | 08/18/2022 | Book | Almirah Fresh No.44, Shelf No.3 | |||||||
| Military College of Signals (MCS) | Military College of Signals (MCS) | General Stacks | 12/21/2022 | 354,SAL | MCS38498 | 12/21/2022 | 12/21/2022 | Book | Almirah No.50, Shelf No.6 | ||||||
| Military College of Signals (MCS) | Military College of Signals (MCS) | General Stacks | 12/21/2022 | 354,SAL | MCS38496 | 12/21/2022 | 12/21/2022 | Book | Almirah No.50, Shelf No.6 |
